00362cam a22001217a 4500008004000000082001500040100002400055245005900079260002800138300001000166650003100176650003300207180718b1994 xxu||||| |||| 00| 0 eng d aY4x54 C349 aChakrabarti, Kalyan aConservation versus developmentcby Kalyan Chakrabarti aCalcuttabDarbaric1994 a184p. aForest coservation - India aBiological diversity - India